| 000 | 01110nam0a22002531i 4500 | ||
|---|---|---|---|
| 001 | rc\3309833 | ||
| 005 | 20240723232925.0 | ||
| 021 |
_aRU _b[73-19755а] |
||
| 035 | _a(NLR Aleph) 007413704 | ||
| 090 |
_a6842373 _c6842373 |
||
| 100 | _a20130115d1973 |||y0rusy50 ca | ||
| 101 | 0 | _arus | |
| 102 | _aRU | ||
| 105 | _ay d ||||| | ||
| 200 | 1 |
_aНародное жилище венгров Закарпатья XIX-XX веков _e(Ист.-этногр. исследование) _eАвтореф. дис. на соиск. учен. степени канд. ист. наук _e(07.00.07) _fАН СССР. Ин-т этнографии им. Н.Н. Миклухо-Маклая |
|
| 210 |
_aМосква _d1973 |
||
| 215 | _a24 с. | ||
| 320 | _aСписок работ авт. в конце текста (5 назв.) | ||
| 532 | 1 | 1 | _aНародное жилище венгров Закарпатья девятнадцатого - XX веков |
| 700 | 1 |
_aДрагун _bВ.И. _gВасилий Иванович |
|
| 801 | 0 |
_aRU _bNLR _gpsbo |
|
| 801 | 1 |
_aRU _bELAR _2rusmarc |
|
| 852 |
_aNLR _j73-4/38080 |
||
| 942 | _cBOOK | ||